| 000 | 00450nam a2200157Ia 4500 | ||
|---|---|---|---|
| 020 | _a9693508955(hb) | ||
| 082 |
_a958.1 _bSAL |
||
| 100 |
_aSale- Lady _949073 |
||
| 245 | _aA Journal of the disasters in Afghanistan 1841-2 | ||
| 260 |
_aLahore _bSang-e-Meel Publications _c1999 |
||
| 300 | _a451p | ||
| 526 |
_a0 _b0 _c0 _d958_100000000000000_SAL |
||
| 650 |
_aAfghanistan -- History -- 19th Century _949074 |
||
| 650 |
_aMCE _9379 |
||
| 942 |
_2ddc _cBK |
||
| 999 |
_c551910 _d551910 |
||